000 00736nab a2200229 u 4500
001 09416
003 HDC
007 cr bn ---aaaaa
008 210201c2010 my dr|nes 0 a may d
040 _aHDC
245 0 _aPIHH Meterai Dua MoU
260 _aKuala Lumpur :
_bThe New Straits Times Press (M) Bhd.,
_c2010
336 _atext
_2rdacontent
337 _acomputer
_2rdamedia
338 _aonline resource
_2rdacarrier
650 _aHalal hub
_zPenang
_99739
650 _ahalal products
_9642
856 _zRequest full-text at [email protected]
942 _2lcc
942 _cNEWS
942 _kNWSC 002473
999 _c6739
_d6739